00905nam a2200253 i 4500001001000000003000900010005001700019007000300036008004100039040003000080041000800110082001700118100004700135245009600182250002200278264006400300300004500364336002700409337003300436338002800469942001400497952012300511999001700634000036475DO-SdBNP20260420111452.0ta120118s2000 pe a 000 0 spa d aDO-SdBNPbspacBNPHUerda aspa 4axxxbxxx222 aMaríñez., Pablo A.,eautor4aut.9574810aNicomedes Santa Cruz :bdecimista, poeta y folklorista afroperuano /cPablo A. Maríñez. asegunda edición aLima, Perú :bMunicipalidad Metropolitana de Lima,c2000. a157 páginas :bilustraciones ;c21 cm. atextobtxt2rdacontent asin mediaciónbn2rdamedia avolumenbnc2rdacarrier 2ddccLBS1 00102ddc51708PDaBNPHUbBNPHUcCTd2012-01-18l0o BNPHU PD p36476-10r2020-06-25w2020-06-25yLBS1ZNo se presta c35966d35966